[Event "Championnat de France 2011 - Open A"]
[Site "Caen"]
[Date "2011.08.25"]
[Round "9.2"]
[White "Malka, Samuel"]
[Black "Naudion, Gregoire"]
[Result "1/2-1/2"]
[WhiteElo "2071"]
[BlackElo "2051"]
[PlyCount "81"]
[EventDate "2011.??.??"]

1. d4 g6 2. c4 Bg7 3. Nf3 Nf6 4. Nc3 O-O 5. e4 d6 6. Be2 e5 7. Be3 Ng4 8. Bg5
f6 9. Bh4 g5 10. Bg3 Nh6 11. d5 Nd7 12. Nd2 f5 13. exf5 Nxf5 14. Nde4 b6 15.
O-O Nc5 16. b4 Nxe4 17. Nxe4 a5 18. Qd2 Nd4 19. Bd3 h6 20. c5 dxc5 21. bxc5
Qxd5 22. cxb6 cxb6 23. Nc3 Qd7 24. Rfe1 Bb7 25. Rxe5 Bxe5 26. Bxe5 Qg4 27. Bc4+
Rf7 28. Bxf7+ Kxf7 29. Bg3 Qf3 30. gxf3 Nxf3+ 31. Kf1 Nxd2+ 32. Ke2 Rd8 33. Bc7
Ba6+ 34. Kd1 Rd7 35. Kc2 Nf3 36. Bxb6 Bd3+ 37. Kb3 Rb7 38. Na4 Bb5 39. Bxa5
Nd4+ 40. Kc3 Nc6 41. Nc5 1/2-1/2

[Event "Championnat de France 2011 - Open A"]
[Site "Caen"]
[Date "2011.08.25"]
[Round "9.3"]
[White "Laplanche, Denis"]
[Black "Devallee, Jeremie"]
[Result "0-1"]
[WhiteElo "2125"]
[BlackElo "2054"]
[PlyCount "132"]
[EventDate "2011.??.??"]

1. d4 Nf6 2. Nf3 g6 3. c4 Bg7 4. Nc3 O-O 5. e4 d6 6. Be2 e5 7. O-O Nc6 8. d5
Ne7 9. b4 c6 10. a4 a5 11. Ba3 axb4 12. Bxb4 c5 13. Ba3 Nh5 14. Re1 f5 15. Ng5
Nf4 16. Ne6 Bxe6 17. dxe6 Nxe6 18. Rb1 Rb8 19. Bc1 Nd4 20. Bg5 Bf6 21. Bh6 Bg7
22. Bd2 f4 23. Bg4 h5 24. Bh3 f3 25. Be3 Nec6 26. g3 g5 27. g4 Qd7 28. Nd5 hxg4
29. Bf1 Kf7 30. Bxg5 Rh8 31. Qd2 Rh5 32. h4 Rbh8 33. Qb2 b5 34. cxb5 Bh6 35.
bxc6 Bxg5 36. cxd7 Rxh4 37. d8=N+ Kg6 38. Bg2 Rh2 39. Ne3 fxg2 40. Qxd4 exd4
41. Nxg4 Rh1+ 42. Kxg2 Rxe1 43. Rxe1 Rxd8 44. Kg3 Rf8 45. Rd1 Bf4+ 46. Kg2 Kg5
47. f3 Rb8 48. Ra1 c4 49. Kf1 Rb3 50. Nf2 Rxf3 51. Ke2 Re3+ 52. Kd1 Bg3 53. Ra2
Rf3 54. Nh1 Rf1+ 55. Ke2 Rxh1 56. Kf3 Be5 57. Rg2+ Kf6 58. Ra2 Rh3+ 59. Kg4
Rg3+ 60. Kh4 c3 61. a5 Rg8 62. a6 d3 63. a7 Ra8 64. Rf2+ Ke6 65. Rg2 Rxa7 66.
Rg6+ Kf7 0-1

[Event "Championnat de France 2011 - Open A"]
[Site "Caen"]
[Date "2011.08.25"]
[Round "9.4"]
[White "Purenne, Benoit"]
[Black "Barbini, Denis"]
[Result "1-0"]
[WhiteElo "2006"]
[BlackElo "2100"]
[PlyCount "57"]
[EventDate "2011.??.??"]

1. d4 d6 2. c4 Nf6 3. Nc3 g6 4. e4 Bg7 5. f3 O-O 6. Nge2 c5 7. d5 e6 8. Ng3
exd5 9. cxd5 Na6 10. Bg5 h6 11. Be3 Nd7 12. Qd2 h5 13. Bg5 Qb6 14. Be2 Re8 15.
O-O Nc7 16. f4 Qb4 17. Kh1 b5 18. Rad1 c4 19. e5 dxe5 20. f5 Bb7 21. f6 Bf8 22.
Bxh5 Nxd5 23. Bxg6 N5xf6 24. Bxf7+ Kxf7 25. Qxd7+ Re7 26. Rxf6+ Kg8 27. Rg6+
Kf7 28. Bxe7 Kxg6 29. Bxb4 1-0

[Event "Championnat de France 2011 - Open A"]
[Site "Caen"]
[Date "2011.08.25"]
[Round "9.5"]
[White "Aurel, Luc"]
[Black "Veron, Cyprien"]
[Result "1/2-1/2"]
[WhiteElo "2191"]
[BlackElo "2062"]
[PlyCount "37"]
[EventDate "2011.??.??"]

1. e4 e5 2. Nf3 Nc6 3. Be2 Nf6 4. d3 d5 5. Nbd2 Be7 6. c3 a5 7. Qc2 O-O 8. h3
h6 9. Nf1 Be6 10. Rg1 Qd7 11. g4 Nh7 12. Ng3 g5 13. Nf5 Bxf5 14. gxf5 f6 15.
Nh2 Kg7 16. Nf1 Rfb8 17. Bf3 d4 18. c4 b5 19. a3 1/2-1/2

[Event "Championnat de France 2011 - Open A"]
[Site "Caen"]
[Date "2011.08.25"]
[Round "9.6"]
[White "Duboue, Peio"]
[Black "Milesi, Laurent"]
[Result "1-0"]
[WhiteElo "2156"]
[BlackElo "2122"]
[PlyCount "101"]
[EventDate "2011.??.??"]

1. e4 e6 2. d4 d5 3. Nc3 Nc6 4. Nf3 Nf6 5. Bg5 Be7 6. exd5 exd5 7. h3 O-O 8.
Qd2 Bf5 9. O-O-O Ne4 10. Bxe7 Qxe7 11. Nxe4 dxe4 12. Qf4 Bg6 13. Nh4 Rad8 14.
c3 a6 15. Bc4 Na5 16. Nxg6 hxg6 17. Be2 b5 18. h4 Rd5 19. Kb1 Rf5 20. Qe3 Nc4
21. Bxc4 bxc4 22. f3 Rb8 23. Ka1 Rfb5 24. Rd2 f5 25. g3 a5 26. fxe4 a4 27. Re1
a3 28. exf5 axb2+ 29. Kb1 Qxe3 30. Rxe3 Rxf5 31. Re1 Rf3 32. Rxb2 Rd8 33. Rbe2
Rxc3 34. Re8+ Rxe8 35. Rxe8+ Kh7 36. Rc8 Rd3 37. Rxc7 Rxd4 38. Kc2 Rg4 39. a4
Rxg3 40. Rxc4 g5 41. Kb2 Kg6 42. a5 Kh5 43. a6 Rf3 44. hxg5 Kxg5 45. a7 Rf8 46.
Kc3 Kf5 47. Rc7 Ke5 48. Rb7 Ra8 49. Rxg7 Kd5 50. Kb4 Kc6 51. Ka5 1-0

[Event "Championnat de France 2011 - Open A"]
[Site "Caen"]
[Date "2011.08.25"]
[Round "9.7"]
[White "Najart, David"]
[Black "Viennot, Dylan"]
[Result "1-0"]
[WhiteElo "2024"]
[BlackElo "2150"]
[PlyCount "59"]
[EventDate "2011.??.??"]

1. d4 e6 2. c4 f5 3. g3 Nf6 4. Bg2 d5 5. Nc3 c6 6. Nh3 Bd6 7. O-O O-O 8. Qc2
Ne4 9. Nxe4 dxe4 10. Bg5 Be7 11. Bxe7 Qxe7 12. f3 exf3 13. exf3 c5 14. d5 exd5
15. cxd5 Qd6 16. Rad1 Na6 17. Rfe1 Bd7 18. f4 Nb4 19. Qb3 b5 20. a3 Na6 21. Re6
Bxe6 22. dxe6 Qb6 23. Qd5 Nc7 24. Qd7 Rac8 25. e7 Rfe8 26. Ng5 c4+ 27. Kh1 Qc5
28. Qxc8 Rxc8 29. Rd8+ Ne8 30. Rxc8 1-0

[Event "Championnat de France 2011 - Open A"]
[Site "Caen"]
[Date "2011.08.25"]
[Round "9.8"]
[White "Guezennec, Franck"]
[Black "Moucheroud, Jeremy"]
[Result "0-1"]
[WhiteElo "2147"]
[BlackElo "2089"]
[PlyCount "92"]
[EventDate "2011.??.??"]

1. e4 c5 2. Nf3 d6 3. d4 cxd4 4. Nxd4 Nf6 5. f3 g6 6. c4 Bg7 7. Be3 Nc6 8. Nc3
O-O 9. Nc2 Be6 10. Be2 Qa5 11. O-O Rfc8 12. Nd5 Bxd5 13. cxd5 Ne5 14. Na3 h5
15. Qb3 Rcb8 16. Rac1 b5 17. Nc2 Nc4 18. Bxc4 bxc4 19. Qxc4 Rxb2 20. a4 Nd7 21.
Nd4 Nb6 22. Qc7 Qxa4 23. Nc6 Nc8 24. Qd8+ Kh7 25. Nxe7 Nb6 26. Qc7 Qa3 27. Bf2
Na4 28. Ra1 Qb3 29. Nc6 Rxf2 30. Rxf2 Bxa1 31. Qxf7+ Bg7 32. g3 Rf8 33. Qxa7
Nc5 34. Kg2 Nd3 35. Re2 Qd1 36. Qe3 Ne5 37. Nxe5 Bxe5 38. f4 Bd4 39. Qf3 Qg1+
40. Kh3 Kg7 41. Rc2 g5 42. Rc7+ Kg6 43. f5+ Kf6 44. Qe2 Rh8 45. Rb7 g4+ 46. Kh4
Qc1 0-1

[Event "Championnat de France 2011 - Open A"]
[Site "Caen"]
[Date "2011.08.25"]
[Round "9.9"]
[White "Feryn, Benjamin"]
[Black "Chaplain, Fabrice"]
[Result "1/2-1/2"]
[WhiteElo "2032"]
[BlackElo "2133"]
[PlyCount "78"]
[EventDate "2011.??.??"]

1. e4 c5 2. Nf3 Nc6 3. d4 cxd4 4. Nxd4 Nf6 5. Nc3 e5 6. Ndb5 d6 7. Bg5 a6 8.
Na3 b5 9. Nd5 Be7 10. Bxf6 Bxf6 11. c3 Ne7 12. c4 Nxd5 13. Qxd5 Qa5+ 14. Qd2
Qxd2+ 15. Kxd2 Bg5+ 16. Kc3 Bb7 17. Bd3 bxc4 18. Nxc4 Ke7 19. h4 Bh6 20. b4
Rhd8 21. Rhe1 f6 22. a4 d5 23. exd5 Rac8 24. Be4 Rxd5 25. Kb3 Rxc4 26. Kxc4
Rd4+ 27. Kc5 Bxe4 28. b5 a5 29. Red1 Bd2 30. Kb6 Rd6+ 31. Kc7 Rd7+ 32. Kc8 Rd8+
33. Kc7 Rd7+ 34. Kc8 Bc2 35. b6 Be4 36. Rab1 Rd8+ 37. Kc7 Rd7+ 38. Kc8 Rd8+ 39.
Kc7 Rd7+ 1/2-1/2

[Event "Championnat de France 2011 - Open A"]
[Site "Caen"]
[Date "2011.08.25"]
[Round "9.10"]
[White "Heurtebize, Christophe"]
[Black "Cristofari, Antoine"]
[Result "1/2-1/2"]
[WhiteElo "2084"]
[BlackElo "2157"]
[PlyCount "107"]
[EventDate "2011.??.??"]

1. c4 Nf6 2. g3 g6 3. Bg2 Bg7 4. Nc3 O-O 5. e4 d6 6. Nge2 c5 7. h3 Nc6 8. O-O
a6 9. d3 Rb8 10. a4 Ne8 11. Be3 Nc7 12. d4 cxd4 13. Nxd4 Ne6 14. Nde2 Na5 15.
b3 Bd7 16. Ra3 b5 17. axb5 axb5 18. cxb5 Bxb5 19. Nxb5 Rxb5 20. Qd3 Qb8 21. Rb1
Rc8 22. Ba7 Nc5 23. Bxb8 Nxd3 24. Ba7 Nc6 25. Be3 Rcb8 26. Bf1 Nc5 27. Nc1 Rb4
28. Bd2 R4b6 29. f3 Nd4 30. b4 Nc2 31. Ra7 Bd4+ 32. Kh2 Nxb4 33. Rxe7 Nc6 34.
Rxb6 Rxb6 35. Re8+ Kg7 36. Ra8 Rb1 37. Kg2 Nb4 38. Ne2 Rb2 39. Bxb4 Rxb4 40.
Nxd4 Rxd4 41. Kf2 Kf6 42. Ra7 h5 43. Bb5 Rb4 44. Be2 Rb8 45. Ra2 Rb4 46. Rc2 g5
47. Rd2 Ke6 48. h4 g4 49. Rd5 gxf3 50. Kxf3 Rb3+ 51. Kf4 Rxg3 52. Rxc5 dxc5 53.
Kxg3 f5 54. Bxh5 1/2-1/2

[Event "Championnat de France 2011 - Open A"]
[Site "Caen"]
[Date "2011.08.26"]
[Round "10.1"]
[White "Devallee, Jeremie"]
[Black "Naudier, Serge"]
[Result "1/2-1/2"]
[WhiteElo "2054"]
[BlackElo "2194"]
[PlyCount "20"]
[EventDate "2011.??.??"]

1. e4 c5 2. Nf3 d6 3. Bb5+ Bd7 4. Bxd7+ Qxd7 5. O-O Nc6 6. c3 d5 7. e5 d4 8. d3
O-O-O 9. c4 h6 10. Bf4 g5 1/2-1/2

[Event "Championnat de France 2011 - Open A"]
[Site "Caen"]
[Date "2011.08.26"]
[Round "10.2"]
[White "Malka, Samuel"]
[Black "Purenne, Benoit"]
[Result "0-1"]
[WhiteElo "2071"]
[BlackElo "2006"]
[PlyCount "92"]
[EventDate "2011.??.??"]

1. d4 Nf6 2. c4 e6 3. Nc3 Bb4 4. e3 O-O 5. Bd3 d5 6. Nf3 c5 7. O-O Nc6 8. a3
Ba5 9. cxd5 exd5 10. dxc5 Bxc3 11. bxc3 Bg4 12. a4 Qe7 13. h3 Bh5 14. Be2 Rfd8
15. Nd4 Bxe2 16. Qxe2 Qxc5 17. Nxc6 Qxc6 18. Bb2 Qc4 19. Qxc4 dxc4 20. Rfd1 Kf8
21. f3 Ke7 22. Ba3+ Ke6 23. Bc5 b6 24. Rxd8 Rxd8 25. Bd4 Nd5 26. Kf2 f6 27. g3
Rb8 28. Rb1 Kd6 29. e4 Ne7 30. a5 Kc6 31. Rb4 b5 32. Bxa7 Ra8 33. Bb6 Nc8 34.
Ke3 Nxb6 35. axb6 Kxb6 36. Rb1 Rd8 37. Kf4 Rd3 38. Rc1 Kc5 39. Kg4 g6 40. Rc2
h5+ 41. Kf4 g5+ 42. Kf5 Rxf3+ 43. Ke6 b4 44. cxb4+ Kxb4 45. Rb2+ Kc3 46. Ra2
Kd3 0-1

[Event "Championnat de France 2011 - Open A"]
[Site "Caen"]
[Date "2011.08.26"]
[Round "10.3"]
[White "Moucheroud, Jeremy"]
[Black "Naudion, Gregoire"]
[Result "1/2-1/2"]
[WhiteElo "2089"]
[BlackElo "2051"]
[PlyCount "111"]
[EventDate "2011.??.??"]

1. e4 d6 2. d4 Nf6 3. Nc3 Nbd7 4. Nf3 e5 5. Bc4 Be7 6. O-O O-O 7. Qe2 c6 8. a4
b6 9. Rd1 Qc7 10. d5 Bb7 11. Bg5 Rac8 12. dxc6 Bxc6 13. Ba6 Rcd8 14. Bb5 h6 15.
Bxf6 Nxf6 16. Qc4 Rc8 17. Ba6 Bxe4 18. Nxe4 Qxc4 19. Nxf6+ Bxf6 20. Bxc4 Rxc4
21. c3 Rd8 22. a5 d5 23. axb6 axb6 24. g3 Rc6 25. Ra7 d4 26. Ra3 dxc3 27. Rxd8+
Bxd8 28. bxc3 Bf6 29. Rb3 Rd6 30. Kf1 e4 31. Nd4 Bxd4 32. cxd4 f5 33. Rb5 g6
34. h4 Kf7 35. h5 Kf6 36. hxg6 Kxg6 37. Ke2 Kg5 38. Ke3 Kg4 39. Re5 Rc6 40. Re8
Kg5 41. Rg8+ Kf6 42. Rh8 Rc3+ 43. Ke2 Kg5 44. Rg8+ Kf6 45. Rh8 Kg7 46. Rb8 Rb3
47. Rb7+ Kf6 48. Rh7 Kg6 49. Rb7 h5 50. d5 h4 51. gxh4 Rd3 52. Rxb6+ Kh5 53.
Rb1 Kxh4 54. Rd1 Rxd1 55. Kxd1 Kg5 56. f3 1/2-1/2

[Event "Championnat de France 2011 - Open A"]
[Site "Caen"]
[Date "2011.08.26"]
[Round "10.4"]
[White "Veron, Cyprien"]
[Black "Duboue, Peio"]
[Result "0-1"]
[WhiteElo "2062"]
[BlackElo "2156"]
[PlyCount "102"]
[EventDate "2011.??.??"]

1. Nf3 Nf6 2. c4 e6 3. d4 d5 4. Nc3 Be7 5. Bf4 O-O 6. e3 a6 7. Rc1 dxc4 8. Bxc4
Nbd7 9. O-O b5 10. Bd3 c5 11. a4 cxd4 12. Nxd4 Nc5 13. Bb1 Qb6 14. a5 Qb7 15.
b4 Ncd7 16. Qb3 Re8 17. Nf3 Nf8 18. e4 Ng6 19. Bg3 Qa7 20. e5 Nh5 21. Ne4 Nxg3
22. hxg3 Bb7 23. Rc7 Rac8 24. Rfc1 Qb8 25. Rxc8 Rxc8 26. Rxc8+ Qxc8 27. Nd6
Qc1+ 28. Kh2 Bd5 29. Qd3 Bxd6 30. exd6 Qc6 31. Qc2 Qxd6 32. Qc8+ Nf8 33. Ng5 g6
34. Qe8 e5 35. Ne4 Bxe4 36. Bxe4 Kg7 37. Bb7 Ne6 38. Qc6 Qxc6 39. Bxc6 Kf6 40.
Kg1 Ke7 41. Kf1 Nd8 42. Ba8 Kd6 43. Ke2 Nc6 44. Bxc6 Kxc6 45. g4 Kd5 46. Kd3 f5
47. g5 e4+ 48. Kc3 f4 49. f3 e3 50. Kd3 e2 51. Kxe2 Kc4 0-1

[Event "Championnat de France 2011 - Open A"]
[Site "Caen"]
[Date "2011.08.26"]
[Round "10.5"]
[White "Adda, Olivier"]
[Black "Najart, David"]
[Result "0-1"]
[WhiteElo "2129"]
[BlackElo "2024"]
[PlyCount "92"]
[EventDate "2011.??.??"]

1. e4 c5 2. Nf3 d6 3. d4 cxd4 4. Nxd4 Nf6 5. Nc3 a6 6. Be2 e6 7. f4 Qc7 8. O-O
Be7 9. Kh1 Nc6 10. Be3 O-O 11. Qe1 Nxd4 12. Bxd4 b5 13. a3 Nd7 14. e5 dxe5 15.
fxe5 Bb7 16. Qg3 Bc5 17. Bxc5 Qxc5 18. Rae1 Qxe5 19. Qxe5 Nxe5 20. Bxb5 axb5
21. Rxe5 Rfd8 22. Kg1 Bc6 23. Rc5 Rac8 24. Rd1 Rxd1+ 25. Nxd1 Bd7 26. Rxc8+
Bxc8 27. Kf2 f5 28. Ke3 e5 29. Kd3 Bb7 30. g3 Be4+ 31. Kc3 Kf7 32. Nf2 Bc6 33.
Nd3 Ke6 34. Kb4 Kd5 35. b3 Kd4 36. Nc5 f4 37. gxf4 exf4 38. Ne6+ Ke3 39. Nxg7
Bd7 40. Nh5 f3 41. a4 bxa4 42. bxa4 f2 43. Ng3 h5 44. h4 Bh3 45. a5 Kf3 46. Ne4
Kxe4 0-1

[Event "Championnat de France 2011 - Open A"]
[Site "Caen"]
[Date "2011.08.26"]
[Round "10.6"]
[White "Barbini, Denis"]
[Black "Aurel, Luc"]
[Result "0-1"]
[WhiteElo "2100"]
[BlackElo "2191"]
[PlyCount "62"]
[EventDate "2011.??.??"]

1. e4 d6 2. d4 g6 3. Bd3 e5 4. c3 Nc6 5. Be3 Nf6 6. h3 Bg7 7. Ne2 O-O 8. d5 Ne7
9. Qd2 c6 10. c4 Nxe4 11. Bxe4 f5 12. dxc6 fxe4 13. cxb7 Bxb7 14. Nbc3 Nf5 15.
Nd5 Nd4 16. Nxd4 Bxd5 17. cxd5 exd4 18. Bxd4 Bxd4 19. Qxd4 Qa5+ 20. Kf1 Qa6+
21. Kg1 Qe2 22. Rf1 Rac8 23. Kh2 Rc2 24. Qxa7 Qd2 25. Rhg1 Qxd5 26. Kh1 Rxb2
27. a4 Rb7 28. Qe3 Rbf7 29. Rd1 Qe6 30. Rge1 Rxf2 31. Qxe4 Rf1+ 0-1

[Event "Championnat de France 2011 - Open A"]
[Site "Caen"]
[Date "2011.08.26"]
[Round "10.7"]
[White "Agrech, Pierre"]
[Black "Bordet, Matthieu"]
[Result "1-0"]
[WhiteElo "2142"]
[BlackElo "2127"]
[PlyCount "120"]
[EventDate "2011.??.??"]

1. c4 Nf6 2. Nf3 g6 3. b4 Bg7 4. Bb2 O-O 5. g3 c6 6. a3 d5 7. cxd5 Nxd5 8. Bxg7
Kxg7 9. Bg2 a5 10. bxa5 Qxa5 11. O-O Na6 12. Qc2 Nac7 13. e4 Nb6 14. Nd4 Qa4
15. Qb2 e5 16. Nf5+ gxf5 17. Qxe5+ Kg8 18. Nc3 Qc2 19. Qxc7 Qxd2 20. Qxb6 Qxc3
21. Rfc1 Qd2 22. exf5 Rxa3 23. Qc5 Rb3 24. Rc4 Qg5 25. g4 Rd8 26. Re4 Rbd3 27.
Rae1 Rd1 28. h3 Rxe1+ 29. Rxe1 Qf6 30. Re7 Bd7 31. Qe3 Kf8 32. Re5 Re8 33. Qa3+
Kg7 34. Ra5 Qd4 35. Bf3 Re1+ 36. Kg2 Qc4 37. Qb2+ Kf8 38. Qxb7 Be8 39. Qb2 Qf1+
40. Kg3 Qg1+ 41. Kh4 Kg8 42. Qd2 f6 43. Ra8 Kf7 44. Qa2+ Kg7 45. Ra7+ Kh8 46.
Qb2 Re5 47. Ra8 Kg7 48. Rc8 Bf7 49. Rxc6 Rxf5 50. Rxf6 Rxf6 51. g5 Kg8 52. gxf6
Qe1 53. Qb8+ Qe8 54. Qxe8+ Bxe8 55. Bd5+ Kf8 56. Kg5 Bg6 57. Be6 Be8 58. h4 Bb5
59. Kh6 Bd3 60. f4 Bc2 1-0

[Event "Championnat de France 2011 - Open A"]
[Site "Caen"]
[Date "2011.08.26"]
[Round "10.8"]
[White "Chaplain, Fabrice"]
[Black "Laplanche, Denis"]
[Result "1/2-1/2"]
[WhiteElo "2133"]
[BlackElo "2125"]
[PlyCount "118"]
[EventDate "2011.??.??"]

1. c3 d5 2. Nf3 Nf6 3. g3 c5 4. Bg2 Nc6 5. O-O Bg4 6. h3 Bh5 7. d3 e6 8. g4 Bg6
9. Nfd2 Bd6 10. e4 Bf4 11. Qf3 Qc7 12. exd5 Bh2+ 13. Kh1 Nxd5 14. Ne4 Ne5 15.
Qe2 Nf4 16. Bxf4 Bxf4 17. d4 cxd4 18. cxd4 Nc6 19. d5 Nd4 20. Qd3 exd5 21. Qxd4
dxe4 22. Bxe4 O-O 23. Bxg6 hxg6 24. Nc3 Rad8 25. Nd5 g5 26. Nxc7 Rxd4 27. Nb5
Rb4 28. a4 a6 29. Nc3 Rxb2 30. Rab1 Rxb1 31. Rxb1 Rc8 32. Ne2 Rc4 33. Nxf4 Rxf4
34. Kg2 Rxa4 35. Rxb7 a5 36. Ra7 Kf8 37. Kf3 Rf4+ 38. Kg3 Ra4 39. h4 gxh4+ 40.
Kxh4 Ra1 41. Kg5 a4 42. Kf5 a3 43. Ra8+ Ke7 44. Ra7+ Ke8 45. Ra8+ Kd7 46. Ra7+
Kc6 47. Rxf7 Rf1 48. Ra7 Rxf2+ 49. Kg6 a2 50. Kxg7 Rg2 51. Kf6 Kb6 52. Ra8 Kb7
53. Ra3 Rc2 54. g5 Rc6+ 55. Kf7 Ra6 56. Rxa2 Rxa2 57. g6 Rf2+ 58. Ke7 Kc7 59.
g7 Rg2 1/2-1/2

[Event "Championnat de France 2011 - Open A"]
[Site "Caen"]
[Date "2011.08.26"]
[Round "10.9"]
[White "Feryn, Benjamin"]
[Black "Bilquez, Romain"]
[Result "1-0"]
[WhiteElo "2032"]
[BlackElo "2130"]
[PlyCount "119"]
[EventDate "2011.??.??"]

1. e4 e6 2. d4 d5 3. Nc3 Nf6 4. e5 Nfd7 5. f4 c5 6. Nf3 Nc6 7. Be3 Qb6 8. Na4
Qa5+ 9. c3 cxd4 10. b4 Nxb4 11. cxb4 Bxb4+ 12. Bd2 Bxd2+ 13. Nxd2 b5 14. Nb2
O-O 15. Be2 Nb6 16. O-O Nc4 17. Ndxc4 dxc4 18. Qxd4 Rd8 19. Qe3 Bb7 20. a4 Qd2
21. Nd1 b4 22. Rf2 c3 23. Qxd2 Rxd2 24. Bf3 Rxf2 25. Bxb7 Rb8 26. Kxf2 Rxb7 27.
Rc1 g6 28. Ke3 a5 29. Kd3 Rd7+ 30. Kc4 Rd2 31. g3 Ra2 32. Kb5 c2 33. Kxa5 b3
34. Kb4 cxd1=Q 35. Rxd1 b2 36. Rb1 Kf8 37. Kb3 Ra1 38. Rxb2 Ke8 39. Kb4 Kd7 40.
Kb5 Kc7 41. a5 Kb7 42. Rd2 Rb1+ 43. Kc5 Kc7 44. Ra2 Rc1+ 45. Kd4 Kb7 46. a6+
Ka7 47. Ke3 Rc6 48. Rd2 Rc3+ 49. Kf2 Rc7 50. Rd6 Rc2+ 51. Kg1 Rc1+ 52. Kg2 Rc7
53. Kh3 Re7 54. Kg4 h6 55. h4 h5+ 56. Kg5 Rc7 57. Kf6 Rc3 58. Kxf7 Rxg3 59.
Rxe6 Rg4 60. Rf6 1-0

[Event "Championnat de France 2011 - Open A"]
[Site "Caen"]
[Date "2011.08.26"]
[Round "10.10"]
[White "Cristofari, Antoine"]
[Black "Debree, Alain"]
[Result "0-1"]
[WhiteElo "2157"]
[BlackElo "2105"]
[PlyCount "50"]
[EventDate "2011.??.??"]

1. e4 c5 2. Nf3 Nc6 3. c3 Nf6 4. e5 Nd5 5. d4 cxd4 6. Bc4 Nb6 7. Bb3 d5 8. exd6
Qxd6 9. O-O g6 10. Ng5 e6 11. Qf3 Qe7 12. Ne4 f5 13. Ng5 Bg7 14. Re1 Ne5 15.
Qg3 h6 16. cxd4 hxg5 17. Bxg5 Qb4 18. Na3 Nf7 19. Bxe6 O-O 20. Bb3 Bd7 21. Be3
g5 22. Bxg5 Qxd4 23. Bf4 Rae8 24. Rxe8 Rxe8 25. Rd1 Qxd1+ 0-1

[Event "Championnat de France 2011 - Open A"]
[Site "Caen"]
[Date "2011.08.27"]
[Round "11.2"]
[White "Najart, David"]
[Black "Duboue, Peio"]
[Result "1/2-1/2"]
[WhiteElo "2024"]
[BlackElo "2156"]
[PlyCount "40"]
[EventDate "2011.??.??"]

1. d4 e6 2. c4 Nf6 3. Nc3 d5 4. Nf3 Be7 5. Bf4 O-O 6. Qc2 Nbd7 7. cxd5 exd5 8.
e3 c6 9. Bd3 Re8 10. h3 Nf8 11. g4 Ng6 12. Bh2 Bb4 13. O-O-O Qa5 14. Nd2 Bxc3
15. bxc3 c5 16. Nb3 Qa3+ 17. Qb2 Qxb2+ 18. Kxb2 c4 19. Bxg6 hxg6 20. Nd2 b5
1/2-1/2

[Event "Championnat de France 2011 - Open A"]
[Site "Caen"]
[Date "2011.08.27"]
[Round "11.3"]
[White "Naudion, Gregoire"]
[Black "Devallee, Jeremie"]
[Result "1/2-1/2"]
[WhiteElo "2051"]
[BlackElo "2054"]
[PlyCount "80"]
[EventDate "2011.??.??"]

1. e4 c5 2. Nf3 d6 3. d4 cxd4 4. Nxd4 Nf6 5. Nc3 g6 6. Be2 Bg7 7. O-O O-O 8.
Bg5 Nc6 9. Nb3 Be6 10. f4 a5 11. a4 Rc8 12. Kh1 Nb4 13. Rc1 Rxc3 14. bxc3 Na2
15. e5 Nxc1 16. Qxc1 Ne4 17. exd6 Qxd6 18. Qe3 Nxg5 19. fxg5 Rc8 20. c4 Bxc4
21. Bxc4 Rxc4 22. Nxa5 Rxa4 23. Qf3 Qe6 24. Nxb7 Qf5 25. Qd1 Qxf1+ 26. Qxf1 Ra1
27. Qxa1 Bxa1 28. g3 Kf8 29. Kg2 Ke8 30. Nc5 Bd4 31. Nd3 Kd7 32. Kf3 Bg7 33. c4
h6 34. gxh6 Bxh6 35. g4 Kd6 36. h4 f6 37. Ke4 e5 38. h5 gxh5 39. gxh5 Ke6 40.
Nc5+ Kd6 1/2-1/2

[Event "Championnat de France 2011 - Open A"]
[Site "Caen"]
[Date "2011.08.27"]
[Round "11.4"]
[White "Aurel, Luc"]
[Black "Moucheroud, Jeremy"]
[Result "0-1"]
[WhiteElo "2191"]
[BlackElo "2089"]
[PlyCount "112"]
[EventDate "2011.??.??"]

1. Nf3 Nf6 2. c4 e6 3. g3 d5 4. Bg2 Be7 5. O-O O-O 6. b3 c5 7. e3 Nc6 8. Bb2
Qc7 9. Nc3 Rd8 10. Qe2 b6 11. d3 Bb7 12. Ne1 a6 13. Nc2 Rd7 14. Rad1 Rad8 15.
f4 Nb4 16. Nxb4 cxb4 17. Nb1 dxc4 18. bxc4 Bxg2 19. Kxg2 b5 20. cxb5 Qb7+ 21.
Qf3 Qxb5 22. Bxf6 Bxf6 23. d4 Qa4 24. Rf2 Rc7 25. Rdd2 Be7 26. Rb2 a5 27. Nd2
Qd7 28. Nb3 a4 29. Nc5 Qb5 30. Rfd2 Rdc8 31. Nd3 Rc3 32. Nf2 Bf8 33. Nd1 Rc1
34. d5 exd5 35. Rxd5 Qc6 36. Rbd2 Rc2 37. e4 Qc4 38. Ne3 Rxd2+ 39. Rxd2 Qc1 40.
Qe2 Qc6 41. Nd5 b3 42. axb3 axb3 43. Kh3 Qc1 44. Ne3 Ba3 45. Nd1 h6 46. e5 Qc6
47. f5 Bc1 48. Rd6 Qc2 49. Qg4 b2 50. Nxb2 Bxb2 51. f6 g6 52. e6 Bxf6 53. exf7+
Kg7 54. Rd5 Rf8 55. Qd7 Qe2 56. Rd2 Qf1+ 0-1

[Event "Championnat de France 2011 - Open A"]
[Site "Caen"]
[Date "2011.08.27"]
[Round "11.5"]
[White "Agrech, Pierre"]
[Black "Malka, Samuel"]
[Result "1/2-1/2"]
[WhiteElo "2142"]
[BlackElo "2071"]
[PlyCount "33"]
[EventDate "2011.??.??"]

1. c4 Nf6 2. Nf3 g6 3. g3 Bg7 4. Bg2 d5 5. O-O O-O 6. Qc2 Nc6 7. d3 dxc4 8.
Qxc4 Be6 9. Qa4 Bd7 10. Qb3 e5 11. Nbd2 Rb8 12. a3 b5 13. Qc2 Nd4 14. Nxd4 exd4
15. Nb3 Be6 16. Na5 Qd7 17. Bd2 1/2-1/2

[Event "Championnat de France 2011 - Open A"]
[Site "Caen"]
[Date "2011.08.27"]
[Round "11.6"]
[White "Viennot, Dylan"]
[Black "Feryn, Benjamin"]
[Result "1/2-1/2"]
[WhiteElo "2150"]
[BlackElo "2032"]
[PlyCount "53"]
[EventDate "2011.??.??"]

1. e4 e5 2. Nf3 Nc6 3. Bb5 Nge7 4. O-O g6 5. c3 a6 6. Ba4 Bg7 7. d4 exd4 8.
cxd4 b5 9. Bb3 d6 10. h3 O-O 11. a3 Bb7 12. Nc3 Na5 13. Bc2 c5 14. Bg5 h6 15.
Bh4 Qc7 16. Ne2 f5 17. Nf4 fxe4 18. Ne6 Qd7 19. Nxf8 Rxf8 20. Bxe7 Qxe7 21. Re1
d5 22. Ne5 Bxe5 23. dxe5 Nc4 24. Bb3 Rf7 25. Bxc4 Rxf2 26. Kh1 bxc4 27. Qa4
1/2-1/2

[Event "Championnat de France 2011 - Open A"]
[Site "Caen"]
[Date "2011.08.27"]
[Round "11.7"]
[White "Lestrelin, Guillaume"]
[Black "Chaplain, Fabrice"]
[Result "0-1"]
[WhiteElo "2118"]
[BlackElo "2133"]
[PlyCount "85"]
[EventDate "2011.??.??"]

1. d4 Nf6 2. c4 g6 3. Nc3 Bg7 4. e4 d6 5. f3 O-O 6. Bg5 h6 7. Be3 e5 8. d5 Nh5
9. Qd2 Qh4+ 10. g3 Nxg3 11. Qf2 Nxf1 12. Qxh4 Nxe3 13. Qf2 Nxc4 14. Qf1 Nb6 15.
O-O-O a5 16. Kb1 Na6 17. Nh3 Bd7 18. Rg1 Nc5 19. Nf2 Kh7 20. Nd3 Nba4 21. Nxc5
Nxc5 22. Qg2 Rg8 23. Qg3 Bh8 24. h4 h5 25. f4 Bg4 26. Rdf1 f5 27. Qe3 exf4 28.
Rxf4 Rae8 29. Rgxg4 hxg4 30. h5 Bxc3 31. hxg6+ Rxg6 32. Qxc3 Nxe4 33. Qc1 Re5
34. Qxc7+ Rg7 35. Qd8 g3 36. Qh4+ Kg8 37. Qd8+ Kh7 38. Qh4+ Kg8 39. Qd8+ Kf7
40. Qc7+ Kf6 41. Qd8+ Kf7 42. Qd7+ Kg6 43. Rxe4 0-1

[Event "Championnat de France 2011 - Open A"]
[Site "Caen"]
[Date "2011.08.27"]
[Round "11.8"]
[White "Laplanche, Denis"]
[Black "Veron, Cyprien"]
[Result "1-0"]
[WhiteElo "2125"]
[BlackElo "2062"]
[PlyCount "53"]
[EventDate "2011.??.??"]

1. d4 d5 2. Nf3 Nf6 3. c4 e6 4. Nc3 c6 5. e3 Nbd7 6. Qc2 Bd6 7. g4 Nxg4 8. Rg1
Qf6 9. Rxg4 Qxf3 10. Rxg7 Nf8 11. Rg1 Bxh2 12. Be2 Qf6 13. Rg2 Bd6 14. e4 dxe4
15. Nxe4 Bb4+ 16. Bd2 Bxd2+ 17. Qxd2 Qe7 18. c5 Ng6 19. Nd6+ Kf8 20. Qh6+ Kg8
21. O-O-O Qf8 22. Qh5 Qg7 23. Ne8 Qf8 24. Nf6+ Kg7 25. Qe5 Qd8 26. Nh5+ Kf8 27.
Rxg6 1-0

[Event "Championnat de France 2011 - Open A"]
[Site "Caen"]
[Date "2011.08.27"]
[Round "11.9"]
[White "Debree, Alain"]
[Black "Milesi, Laurent"]
[Result "0-1"]
[WhiteElo "2105"]
[BlackElo "2122"]
[PlyCount "52"]
[EventDate "2011.??.??"]

1. d4 e6 2. Nf3 f5 3. b3 Nf6 4. Bb2 b6 5. e3 Bb7 6. Bd3 Be7 7. O-O O-O 8. c4
Qe8 9. Nc3 Na6 10. a3 Qg6 11. b4 c5 12. bxc5 bxc5 13. d5 Nc7 14. Qe2 Bd6 15. e4
fxe4 16. Nxe4 Nxe4 17. Bxe4 Qh5 18. Rfe1 exd5 19. cxd5 Ba6 20. Bd3 c4 21. Ne5
Qh4 22. Qe4 Qxf2+ 23. Kh1 cxd3 24. Ng4 Qxb2 25. Rab1 d2 26. Red1 Qc3 0-1